'Spartacus' TV Series Quiz - Statistics

General Stats
  • This quiz has been taken 378 times
  • The average score is 15 of 30
Answer Stats
Hint Answer % Correct
The 'Bringer of Rain' Spartacus
94%
The 'Undefeated Gaul' Crixus
92%
Season 1 Title 'Spartacus: ... ' Blood and Sand
87%
Season 2 Title 'Spartacus: ... ' Gods of the Arena
75%
The 'God of the Arena' Gannicus
72%
- Love interest of above Naevia
72%
The house that the main gladiators fight for Batiatus
68%
- Wife of above Sura
62%
Season 3 Title 'Spartacus: ... ' Vengeance
59%
Whip-wielding trainer of gladiators for above house Doctore / Oenomaus
58%
German gladiator Agron
57%
Season 4 Title 'Spartacus: ... ' War of the Damned
57%
- Domina of above house Lucretia
56%
Main character's best friend (who he is forced to kill) Varro
51%
- Love interest of above Mira
50%
Legatus / Praetor (Villain of season 1 - 3) Glaber
48%
Sneaky Syrian Villain Asher
45%
Imperator / Senator / Richest Man In Rome (Main villain of season 4) Crassus
45%
- Dominus of above house Quintus
41%
The 'Shadow of Death' Theokoles
41%
German warrior-woman Saxa
39%
- Brother of above Duro
36%
- Love interest of above Nasir
34%
- Son of above Tiberius
34%
- Wife of above Ilithyia
30%
- Wife of above Melitta
28%
- Right hand of above (Tribune) Caesar
26%
- Silent & deadly henchman of above The Egyptian
24%
- Wife of above Aurelia
23%
- Love interest of above (slave) Kore
18%
No matching quizzes found
Score Distribution
Percent of People with Each Score
Percentile by Number Answered
Your Score History
You have not taken this quiz